MARC

Tag First Indicator Second Indicator Subfields
LEADER 00000cam a2200000 4500
001 in00005776321
005 20260327191531.3
006 m o d
007 cr |n|||||||||
008 251022s2026 xx o 000 0 eng d
040 |a YDX  |b eng  |c YDX  |d N$T  |d OPELS  |d OCLCO  |d OCLCQ 
020 |a 9780443331077  |q (electronic bk.) 
020 |a 0443331073  |q (electronic bk.) 
020 |z 9780443331060 
020 |z 0443331065 
035 |a (OCoLC)1546086234 
050 4 |a RC271.C5 
082 0 4 |a 616.994061  |2 23/eng/20251125 
049 |a TXAM 
245 0 0 |a Nitrogen heterocycles in cancer therapy. 
260 |a [S.l.] :  |b Academic Press,  |c 2026. 
300 |a 1 online resource 
336 |a text  |b txt  |2 rdacontent 
337 |a computer  |b c  |2 rdamedia 
338 |a online resource  |b cr  |2 rdacarrier 
650 0 |a Cancer  |x Chemotherapy. 
650 0 |a Heterocyclic compounds  |x Therapeutic use. 
650 0 |a Organonitrogen compounds  |x Therapeutic use. 
650 6 |a Cancer  |x Chimiothérapie. 
650 6 |a Composés hétérocycliques  |x Emploi en thérapeutique. 
650 6 |a Composés organiques azotés  |x Emploi en thérapeutique. 
655 7 |a Electronic books.  |2 local 
710 2 |a ScienceDirect (Online service) 
776 0 8 |i Print version:  |z 0443331065  |z 9780443331060  |w (OCoLC)1531311728 
856 4 0 |u http://proxy.library.tamu.edu/login?url=https://www.sciencedirect.com/science/book/9780443331060  |z Connect to the full text of this electronic book  |t 0 
936 |a BATCHLOAD 
955 |a Elsevier ScienceDirect 2026-2027 
994 |a 92  |b TXA 
999 f f |i 7e9875bd-d9ca-4c23-941e-2ebcd1345354  |s 4daf84bd-44bb-4601-837f-508757285c21  |t 0 
952 f f |a Texas A&M University  |b College Station  |c Electronic Resources  |s www_evans  |d Available Online  |t 0  |e RC271.C5   |h Library of Congress classification 
998 f f |a RC271.C5   |t 0  |l Available Online